Applying Simulations in the Individual Risk Model Using R

Demonštrácia aplikácie simulácií v rámci individuálneho modelu rizika pomocou jazyka R. Získanie informácii pre poistno-matematickú analýzu pomocou generovania agregovaných hodnôt pohľadávok v portfóliu životných poistných zmlúv počas daného obdobia a ich štatistickým spracovaním. Praktické príklady...

Full description

Saved in:
Bibliographic Details
Main Author: Mucha, Vladimír, 1976-
Format: Book Chapter
Language:English
Subjects:
Tags: Add Tag
No Tags, Be the first to tag this record!

MARC

LEADER 00000naa$a2200000$$$4500
001 0251116
005 20240502083718.0
041 0 |a eng 
044 |a CZ 
245 1 0 |a Applying Simulations in the Individual Risk Model Using R  |c Vladimír Mucha 
520 |a Demonštrácia aplikácie simulácií v rámci individuálneho modelu rizika pomocou jazyka R. Získanie informácii pre poistno-matematickú analýzu pomocou generovania agregovaných hodnôt pohľadávok v portfóliu životných poistných zmlúv počas daného obdobia a ich štatistickým spracovaním. Praktické príklady. 
610 2 0 |a poistenie životné 
610 2 0 |a riziko 
610 2 0 |a udalosti poistné 
610 2 0 |a metódy matematicko-štatistické 
100 1 |a Mucha, Vladimír, 1976-